首都圏メロディー(IKST)を使用している駅 - Statistics

General Stats
  • This quiz has been taken 86 times
    66 since last reset
  • The average score is 87 of 140
Answer Stats
ヒント 答え % Correct
首都圏12~15番初導入駅。 当駅の変更により、 「ドリームパーク」はじめ4曲が消滅。 東京
95%
一部ホームは電子ベル・ご当地継続使用。 首都圏3-2番・21番初導入駅。 上野
95%
首都圏5~11番初導入駅。 新宿
92%
一部ホームは既存汎用曲継続使用 日暮里
87%
一部ホームは既存汎用曲継続使用。 秋葉原
87%
一部ホームはご当地継続使用。 神田
84%
当駅の変更により、 「JR-SH3-3 東京Ver」が消滅。 渋谷
82%
首都圏11-2・11-3番初導入駅。 初導入時は一部ホームは既存汎用曲だった。 当駅の変更により、 「小川のせせらぎV2」「SF10-38」が消滅。 大崎
82%
微高音Ver採用駅。 一部ホームはご当地・既存汎用曲継続使用 赤羽
79%
御徒町
79%
代々木
79%
当駅の変更により、 「春風V1」「陽だまりV1」が消滅。 新橋
79%
当駅の変更により、 「JR-SH9-3」が消滅。 御茶ノ水
76%
一部ホームはご当地継続使用。 首都圏19番初導入駅。 池袋
76%
目黒
76%
五反田
76%
一部ホームは既存汎用曲継続使用 田端
74%
微高音Ver導入駅。 板橋
74%
西日暮里
74%
新大久保
74%
当駅の変更による消滅曲あり (曲名はほぼ答えのため記載なし) 原宿
74%
有楽町
74%
首都圏1~4番および3-3・3-4番初導入駅。 尚、現在は首都圏2番を使用していない。 横浜
74%
一部ホームはご当地継続使用。 首都圏16-1番・首都圏20番初導入駅。 大宮
74%
一部ホームはご当地継続使用。 微低音Ver導入駅。 浦和
74%
一部ホームは既存汎用曲継続使用 荻窪
71%
一部ホームはご当地継続使用 川崎
71%
王子
71%
田町
71%
浜松町
71%
3・4番線は首都圏メロ非導入。 当駅の変更により、「JR-SH3-3」が消滅。 中野
71%
当駅の変更により、「ホリデイV2」が消滅。 船橋
71%
首都圏15-4番初採用駅。 当駅の変更により、「九月の風」、「公園通り」および 「公園の楓」が消滅。 千葉みなと
68%
首都圏15-2・15-3番初採用駅 新浦安
68%
初導入時は既存汎用曲を継続使用。 首都圏1-2番初の正式供用駅。 当駅の変更により、 「春 高音トレモロVer」が消滅。 南浦和
68%
立川式導入駅 初導入時は一部ホームは既存汎用曲だった。 西荻窪
68%
導入当時は一部ホームご当地継続使用。 当駅の変更により、「淡い恋心」が消滅。 武蔵小杉
68%
一部ホームはご当地継続使用 さいたま新都心
68%
首都圏5-2・5-3番初導入駅。 初導入時は一部ホームは既存汎用曲だった。 当駅の変更により、「新たな季節」が消滅。 武蔵浦和
68%
首都圏16-2番初導入駅。 津田沼
68%
南船橋
66%
錦糸町
66%
川口
66%
与野
66%
首都圏1-3初採用駅。 ご当地を置き変えてまで導入。 置き換えらえたご当地曲は消滅。 桜木町
66%
東神奈川
66%
鶴見
66%
信濃町
66%
東中野
66%
微低音Ver導入駅 東十条
66%
一部ホームはご当地継続使用 北戸田
66%
一部ホームはご当地継続使用 戸田
66%
一部ホームはご当地継続使用 戸田公園
66%
一部ホームはご当地継続使用。 立川式導入駅。 高円寺
66%
当駅の変更により、「ドリームタイム」が消滅。 稲毛海岸
63%
当駅の変更により、「緑の車窓」が消滅。 検見川浜
63%
幕張豊砂
63%
当駅の変更により、「夏色の時間」が消滅。 新習志野
63%
当駅の変更により、「木々の目覚めV2」が消滅。 川越
63%
亀戸
63%
新小岩
63%
小岩
63%
市川塩浜
63%
新木場
63%
63%
北浦和
63%
新子安
63%
当駅の変更により、 「春風V2」が消滅。 松戸
63%
当駅の変更により、 「SF10-43」が消滅。
63%
立川式導入駅 吉祥寺
63%
新川崎
63%
北与野
63%
与野本町
63%
東船橋
63%
西船橋
63%
南古谷
61%
平井
61%
二俣新町
61%
潮見
61%
当駅の変更により、 「春 音飛びVer」が消滅。 西川口
61%
大井町
61%
大森
61%
南千住
61%
東戸塚
61%
戸塚
61%
南与野
61%
中浦和
61%
当駅の変更により、「dance on」が消滅。 日進
58%
浅草橋
58%
葛西臨海公園
58%
洋光台
58%
西大井
58%
八丁堀
58%
三河島
58%
取手
58%
導入当時は一部ホームで既存汎用曲継続使用。 首都圏17番初導入駅。 府中本町
58%
首都圏17-1番初導入駅。 北府中
58%
西大宮
55%
本郷台
55%
港南台
55%
根岸
55%
山手
55%
石川町
55%
越谷レイクタウン
55%
東浦和
55%
湯河原
55%
熱海
55%
指扇
53%
新杉田
53%
新三郷
53%
三郷
53%
吉川
53%
西浦和
53%
越中島
53%
北鎌倉
53%
鎌倉
53%
首都圏16番初導入駅。 逗子
53%
新小平
53%
新秋津
53%
首都圏18番初導入駅。 東所沢
53%
新日本橋
50%
馬喰町
50%
首都圏4-2番初導入駅。 横須賀
50%
吉川美南
50%
東川口
50%
久里浜
50%
鴨宮
50%
早川
50%
根府川
50%
真鶴
50%
田浦
47%
衣笠
47%
保土ケ谷
47%
東逗子
47%
大磯
47%
来宮
45%
伊豆多賀
39%
網代
39%
微低音Ver導入駅。 土呂
29%
新松戸
18%
No matching quizzes found
Score Distribution
Percent of People with Each Score
Percentile by Number Answered
Your Score History
You have not taken this quiz since the last reset